[Event "CAN-op"]
[Site "Edmonton CAN"]
[Date "2009.07.19"]
[Round "9.1"]
[White "Shirov, Alexei"]
[Black "Perelshteyn, Eugene"]
[Result "1/2-1/2"]
[WhiteElo "2748"]
[BlackElo "2588"]
[PlyCount "64"]
[GameId "2160767910156339"]
[EventDate "2009.07.11"]
[EventType "swiss"]
[EventRounds "9"]
[EventCountry "CAN"]

1. e4 c5 2. Nf3 g6 3. c3 Bg7 4. d4 cxd4 5. cxd4 d5 6. e5 Bg4 7. Nc3 Nc6 8. Be3 e6 9. h3 Bxf3 10. Qxf3 f6 11. Bb5 fxe5 12. dxe5 Nge7 13. O-O-O a6 14. Bxc6+ Nxc6 15. Qg4 Qe7 16. f4 Qf7 17. Ne2 h5 18. Qf3 O-O-O 19. Kb1 Kb8 20. Nd4 Nxd4 21. Bxd4 Rc8 22. Rc1 g5 23. fxg5 Qg6+ 24. Ka1 Qxg5 25. Be3 Qg6 26. Qf4 Rxc1+ 27. Rxc1 Bh6 28. Qd4 Bxe3 29. Qxe3 Rc8 30. Rxc8+ Kxc8 31. Qc5+ Kb8 32. Qf8+ Ka7 1/2-1/2

[Event "CAN-op"]
[Site "Edmonton CAN"]
[Date "2009.07.19"]
[Round "9.4"]
[White "Hommeles, Theo"]
[Black "Bluvshtein, Mark"]
[Result "0-1"]
[WhiteElo "2412"]
[BlackElo "2598"]
[PlyCount "99"]
[GameId "2160767910156342"]
[EventDate "2009.07.11"]
[EventType "swiss"]
[EventRounds "9"]
[EventCountry "CAN"]

1. e4 c5 2. Nf3 d6 3. d4 cxd4 4. Nxd4 Nf6 5. Nc3 Nc6 6. Bg5 e6 7. Qd2 Be7 8. O-O-O a6 9. f4 Nxd4 10. Qxd4 b5 11. Bxf6 gxf6 12. Bd3 Qc7 13. Qe3 Bb7 14. f5 b4 15. Ne2 e5 16. Kb1 Qc5 17. Qxc5 dxc5 18. c4 O-O-O 19. Bc2 Rhg8 20. Ng3 Rd4 21. b3 h5 22. Rxd4 exd4 23. Nxh5 Rxg2 24. Rf1 Rxh2 25. Nf4 Bd6 26. Nd5 Be5 27. Bd3 Kd7 28. Rf3 a5 29. Rf1 Bc6 30. Rf3 Kd6 31. Rf1 a4 32. Rd1 a3 33. Bc2 Re2 34. Kc1 Rg2 35. Rd2 Rg4 36. Kb1 Kd7 37. Rd1 Ke8 38. Rh1 Kf8 39. Rd1 Kg7 40. Rh1 Rg2 41. Rd1 Kh6 42. Ne7 Bb7 43. Nd5 Kg5 44. Bd3 Rb2+ 45. Ka1 Kh4 46. Rh1+ Kg3 47. Rg1+ Kf3 48. Rf1+ Kg2 49. Rd1 Kh2 50. Ne7 0-1

[Event "CAN-op"]
[Site "Edmonton CAN"]
[Date "2009.07.19"]
[Round "9.11"]
[White "Gerzhoy, Leonid"]
[Black "Kalisvaart, Peter"]
[Result "1-0"]
[WhiteElo "2530"]
[BlackElo "2255"]
[PlyCount "55"]
[GameId "2160767910156347"]
[EventDate "2009.07.11"]
[EventType "swiss"]
[EventRounds "9"]
[EventCountry "CAN"]

1. e4 e5 2. Nf3 Nc6 3. Nc3 Nf6 4. Bb5 Bb4 5. O-O O-O 6. d3 d6 7. Bxc6 bxc6 8. Ne2 Bg4 9. Ng3 Nh5 10. Nf5 Nf4 11. Bxf4 exf4 12. c3 Ba5 13. Qd2 Bxf5 14. exf5 Rb8 15. b4 Bb6 16. Qxf4 c5 17. bxc5 Bxc5 18. d4 Bb6 19. Rfe1 Qf6 20. Nd2 d5 21. Nf1 Rfe8 22. Ng3 Ba5 23. Nh5 Qd6 24. Rxe8+ Rxe8 25. Qg5 Qf8 26. Nf6+ Kh8 27. Nxe8 Qxe8 28. Qe3 1-0

[Event "CAN-op"]
[Site "Edmonton CAN"]
[Date "2009.07.19"]
[Round "9.13"]
[White "Martchenko, Alexander"]
[Black "Zilberstein, Dmitry"]
[Result "0-1"]
[WhiteElo "2314"]
[BlackElo "2437"]
[PlyCount "62"]
[GameId "2160767910156348"]
[EventDate "2009.07.11"]
[EventType "swiss"]
[EventRounds "9"]
[EventCountry "CAN"]

1. e4 e5 2. Nf3 Nc6 3. Bb5 a6 4. Ba4 Nf6 5. O-O Be7 6. Re1 b5 7. Bb3 O-O 8. c3 d6 9. d4 Bg4 10. d5 Na5 11. Bc2 c6 12. dxc6 Qc7 13. Nbd2 Qxc6 14. Nf1 Nc4 15. h3 Be6 16. Ng3 Rfe8 17. Nh2 d5 18. Ng4 Rad8 19. Nxf6+ Bxf6 20. Qf3 Be7 21. Nh5 dxe4 22. Qg3 g6 23. Bg5 f5 24. Bf6 Kf7 25. Qg5 Bc8 26. Bxe7 Rxe7 27. Qh6 Kg8 28. Qg5 Qe6 29. Rad1 Rf8 30. Bb3 h6 31. Qxh6 Rh7 0-1

[Event "CAN-op"]
[Site "Edmonton CAN"]
[Date "2009.07.19"]
[Round "9.16"]
[White "Barron, Michael"]
[Black "Haynes, Nicolas"]
[Result "1-0"]
[WhiteElo "2357"]
[BlackElo "2290"]
[PlyCount "133"]
[GameId "2160767910156350"]
[EventDate "2009.07.11"]
[EventType "swiss"]
[EventRounds "9"]
[EventCountry "CAN"]

1. e4 e5 2. Nf3 Nc6 3. Bb5 a6 4. Ba4 Nf6 5. O-O b5 6. Bb3 Be7 7. d4 d6 8. c3 O-O 9. Nbd2 Bb7 10. Qe2 Nd7 11. Rd1 Bf6 12. Nf1 Re8 13. d5 Ne7 14. g4 g6 15. h4 Nc5 16. Bc2 Bc8 17. Ne3 Bd7 18. Kg2 Nc8 19. Rh1 c6 20. b4 Nb7 21. g5 Bg7 22. h5 Nb6 23. Bb3 cxd5 24. Nxd5 Nxd5 25. Bxd5 Qc7 26. hxg6 hxg6 27. Bd2 Be6 28. Qd3 Qd7 29. Rh4 Rac8 30. Rah1 Bxd5 31. Qxd5 Qc6 32. Nh2 Qxd5 33. exd5 f5 34. gxf6 Bxf6 35. Rh6 Rc4 36. Rxg6+ Kf7 37. Rg3 Rh8 38. Ng4 Rxh1 39. Kxh1 Bg7 40. Kg2 Rc8 41. Nh6+ Bxh6 42. Bxh6 Kf6 43. Rg7 Nd8 44. Rg8 Kf7 45. Rh8 Kg6 46. Bd2 Kg7 47. Rh6 Nf7 48. Re6 Ra8 49. Re7 a5 50. a3 axb4 51. axb4 Ra2 52. Be3 Rc2 53. Rc7 Kf6 54. Kf3 Ng5+ 55. Bxg5+ Kxg5 56. Ke3 Kf6 57. f3 Kf5 58. Rc6 Kg5 59. Kd3 Rf2 60. Rxd6 Rxf3+ 61. Ke4 Rxc3 62. Rb6 Rc4+ 63. Kxe5 Rxb4 64. d6 Rb1 65. d7 Re1+ 66. Kd6 Rd1+ 67. Kc7 1-0

[Event "CAN-op"]
[Site "Edmonton CAN"]
[Date "2009.07.19"]
[Round "9.19"]
[White "Zhang, David"]
[Black "Pechenkin, Vladimir"]
[Result "0-1"]
[WhiteElo "1999"]
[BlackElo "2366"]
[PlyCount "118"]
[GameId "2160767910156351"]
[EventDate "2009.07.11"]
[EventType "swiss"]
[EventRounds "9"]
[EventCountry "CAN"]

1. e4 Nf6 2. e5 Nd5 3. d4 d6 4. exd6 exd6 5. c4 Nb6 6. Nc3 Be7 7. Be3 O-O 8. Rc1 Re8 9. Be2 Bf6 10. Nf3 Bf5 11. O-O Nc6 12. b3 d5 13. c5 Nc8 14. b4 a6 15. Qa4 N8e7 16. Rfd1 h6 17. Qb3 Bh7 18. a4 a5 19. Bb5 axb4 20. Na2 Na5 21. Qxb4 c6 22. Bd3 Be4 23. Nc3 Nf5 24. Bxe4 dxe4 25. Nd2 Nxe3 26. fxe3 Bg5 27. Re1 f5 28. Nc4 Nxc4 29. Qxc4+ Kh7 30. Qf7 Qc8 31. Rb1 Re7 32. Qc4 Qe8 33. g3 Rd8 34. a5 Ra8 35. Ra1 Ra6 36. Qb4 Qd8 37. Kf2 h5 38. Red1 Rd7 39. Nb1 h4 40. Nd2 Qf6 41. Nf1 Qh6 42. Qc4 hxg3+ 43. hxg3 Qh1 44. Qe2 Bd8 45. Qe1 g5 46. Ra2 Kg6 47. Rda1 Rh7 48. Ke2 Qf3+ 49. Kd2 Rh1 50. Qb1 Rxa5 51. Rxa5 Bxa5+ 52. Kc2 Qe2+ 53. Kb3 Bc7 54. Qb2 Qb5+ 55. Ka2 Rxf1 56. Rxf1 Qxf1 57. Qxb7 Qc4+ 58. Ka1 Qa4+ 59. Kb2 Qb5+ 0-1

[Event "CAN-op"]
[Site "Edmonton CAN"]
[Date "2009.07.19"]
[Round "9.20"]
[White "Langer, Mikhail"]
[Black "Van Heirzeele, Daniel"]
[Result "1-0"]
[WhiteElo "2313"]
[BlackElo "2137"]
[PlyCount "45"]
[GameId "2160767910156352"]
[EventDate "2009.07.11"]
[EventType "swiss"]
[EventRounds "9"]
[EventCountry "CAN"]

1. e4 c5 2. Nf3 d6 3. d4 cxd4 4. Nxd4 Nf6 5. Nc3 g6 6. Be3 a6 7. f3 b5 8. Qd2 Bb7 9. O-O-O Nbd7 10. g4 Bg7 11. Bh6 Bxh6 12. Qxh6 Rc8 13. Kb1 b4 14. Nce2 e5 15. g5 Nxe4 16. fxe4 Bxe4 17. Rg1 Qc7 18. Bh3 exd4 19. Nxd4 d5 20. Qg7 Rf8 21. Rge1 Rb8 22. Rxe4+ dxe4 23. Bxd7+ 1-0

[Event "CAN-op"]
[Site "Edmonton CAN"]
[Date "2009.07.19"]
[Round "9.21"]
[White "Fan, Brendan"]
[Black "Li, Zhichao"]
[Result "0-1"]
[WhiteElo "1992"]
[BlackElo "2183"]
[PlyCount "110"]
[GameId "2160767910156353"]
[EventDate "2009.07.11"]
[EventType "swiss"]
[EventRounds "9"]
[EventCountry "CAN"]
[SourceTitle "EXT 2022"]
[Source "ChessBase"]
[SourceDate "2021.10.06"]
[SourceVersion "1"]
[SourceVersionDate "2021.10.06"]
[SourceQuality "1"]

1. e4 c5 2. Nc3 Nc6 3. Bb5 g6 4. Bxc6 bxc6 5. f4 Bg7 6. Nf3 Nf6 7. d3 Rb8 8. O-O O-O 9. Rb1 d6 10. Bd2 Bg4 11. h3 Bxf3 12. Qxf3 Nd7 13. g4 Nb6 14. b3 d5 15. e5 f5 16. g5 e6 17. Kg2 Qc7 18. h4 c4 19. h5 Rfc8 20. hxg6 hxg6 21. d4 Kf7 22. b4 Rh8 23. a4 a6 24. a5 Nd7 25. Na4 Qb7 26. Rb2 Rh4 27. Rh1 Rxh1 28. Kxh1 Rh8+ 29. Kg2 Bf8 30. c3 Qb5 31. Ra2 c5 32. dxc5 Nxc5 33. Nxc5 Bxc5 34. Be3 Be7 35. Bg1 Rh4 36. Qf2 Rg4+ 37. Kf3 d4 38. Qxd4 Bxg5 39. Qa7+ Be7 40. Rd2 Qc6+ 41. Ke2 Qe4+ 42. Be3 Rg2+ 43. Kf1 Qf3+ 44. Ke1 Rg3 45. Re2 Rh3 46. Qd4 Rh1+ 47. Bg1 Bh4+ 48. Kd2 Qf1 49. Qa7+ Be7 50. Re1 Qd3+ 51. Kc1 Qxc3+ 52. Kd1 Qd3+ 53. Kc1 c3 54. Rd1 Qe2 55. Rd7 Qb2+ 0-1

[Event "CAN-op"]
[Site "Edmonton CAN"]
[Date "2009.07.19"]
[Round "9.27"]
[White "Gardner, Robert"]
[Black "Daniluk, Jim"]
[Result "0-1"]
[WhiteElo "2272"]
[BlackElo "2005"]
[PlyCount "156"]
[GameId "2160767910156354"]
[EventDate "2009.07.11"]
[EventType "swiss"]
[EventRounds "9"]
[EventCountry "CAN"]

1. d3 g6 2. e4 Bg7 3. f4 d6 4. Nf3 e5 5. fxe5 dxe5 6. Bg5 Ne7 7. Nc3 h6 8. Be3 Nbc6 9. Qd2 Nd4 10. O-O-O Nec6 11. Ne2 Bg4 12. Neg1 Be6 13. Kb1 a5 14. c3 Qd7 15. cxd4 Bxa2+ 16. Kxa2 Nb4+ 17. Kb1 Qa4 18. Qe2 exd4 19. Bxd4 Ra6 20. Kc1 Rc6+ 21. Kd2 Rc2+ 22. Ke1 Rxe2+ 23. Kxe2 Bxd4 24. Nxd4 Qa2 25. Rd2 O-O 26. Ngf3 Rd8 27. g3 c5 28. Nb5 Nxd3 29. Rxd3 Rxd3 30. Kxd3 c4+ 31. Kd4 Qxb2+ 32. Kc5 c3 33. Nfd4 c2 34. Nxc2 Qxc2+ 35. Bc4 Qxe4 36. Rf1 Qe3+ 37. Nd4 b6+ 38. Kd5 Qe7 39. Nb3 b5 40. Bxb5 Qe6+ 41. Kc5 Qxb3 42. Bc4 Qb4+ 43. Kd4 Qe7 44. Kd3 Kg7 45. Rf2 Qd6+ 46. Kc2 f5 47. Rd2 Qc5 48. Kd3 Kf6 49. Rc2 a4 50. Ra2 Qb4 51. Re2 Qd6+ 52. Kc3 g5 53. Ra2 f4 54. gxf4 Qxf4 55. Kb4 a3 56. Rc2 Qd6+ 57. Kb3 g4 58. Rf2+ Kg5 59. Re2 h5 60. Kc3 h4 61. Rd2 Qf6+ 62. Kb3 g3 63. hxg3 hxg3 64. Bd5 Qb6+ 65. Ka2 Qb4 66. Rc2 Qd4 67. Bb7 Kf4 68. Rg2 Qc4+ 69. Ka1 Qb5 70. Ba8 Qe5+ 71. Ka2 Qe6+ 72. Kb1 Qg6+ 73. Kc1 Qe6 74. Kb1 Qb3+ 75. Ka1 Qb8 76. Bc6 Ke3 77. Ka2 Qd6 78. Ba8 Kd3 0-1

[Event "CAN-op"]
[Site "Edmonton CAN"]
[Date "2009.07.19"]
[Round "9.28"]
[White "Ferreira, Alex"]
[Black "Moura, Eduardo"]
[Result "0-1"]
[WhiteElo "1987"]
[BlackElo "2091"]
[PlyCount "74"]
[GameId "2160767910156355"]
[EventDate "2009.07.11"]
[EventType "swiss"]
[EventRounds "9"]
[EventCountry "CAN"]

1. e4 d5 2. exd5 Qxd5 3. Nc3 Qd6 4. d4 Nf6 5. Be3 c6 6. Qd2 Bf5 7. O-O-O e6 8. Nf3 Nbd7 9. Nh4 Bg6 10. Nxg6 hxg6 11. Bf4 Qb4 12. Bc7 Nb6 13. a3 Qa5 14. Nb1 Qxd2+ 15. Nxd2 Rc8 16. Bg3 Rd8 17. Nc4 Nxc4 18. Bxc4 Ne4 19. c3 Nxg3 20. hxg3 Rxh1 21. Rxh1 Be7 22. Kc2 g5 23. b4 g6 24. a4 Kf8 25. Kd3 Kg7 26. Ke4 Rh8 27. Rxh8 Kxh8 28. Ke5 Kg7 29. a5 Kf8 30. b5 cxb5 31. Bxb5 Bd8 32. a6 bxa6 33. Bxa6 Ke7 34. g4 Ba5 35. c4 f5 36. gxf5 gxf5 37. d5 Bc3# 0-1

[Event "CAN-op"]
[Site "Edmonton CAN"]
[Date "2009.07.19"]
[Round "9.33"]
[White "Newton, Geoff"]
[Black "Me, Kevin"]
[Result "0-1"]
[WhiteElo "1953"]
[BlackElo "2124"]
[PlyCount "42"]
[GameId "2160767910156356"]
[EventDate "2009.07.11"]
[EventType "swiss"]
[EventRounds "9"]
[EventCountry "CAN"]

1. d4 Nf6 2. c4 g6 3. Nc3 Bg7 4. e4 d6 5. f4 O-O 6. Nf3 c5 7. d5 Na6 8. Be2 Bd7 9. O-O Qb6 10. Rb1 Ng4 11. Nb5 Bxb5 12. cxb5 Nc7 13. Bc4 Nxb5 14. h3 Nf6 15. Re1 Nc3 16. Qc2 Nxb1 17. Qxb1 Qb4 18. Nd2 b5 19. a3 Qa5 20. e5 bxc4 21. exf6 Bxf6 0-1

[Event "CAN-op"]
[Site "Edmonton CAN"]
[Date "2009.07.19"]
[Round "9.36"]
[White "Motuz, Vitaly"]
[Black "Monaghan, Jim"]
[Result "0-1"]
[WhiteElo "1905"]
[BlackElo "2090"]
[PlyCount "54"]
[GameId "2160767910156357"]
[EventDate "2009.07.11"]
[EventType "swiss"]
[EventRounds "9"]
[EventCountry "CAN"]

1. e4 c5 2. Nf3 g6 3. d4 cxd4 4. c3 Bg7 5. Bc4 d6 6. cxd4 Nf6 7. Nc3 a6 8. O-O O-O 9. h3 b5 10. Bd3 Bb7 11. Qe2 b4 12. Na4 Nbd7 13. b3 e5 14. Bb2 exd4 15. Bxd4 Re8 16. Qb2 Bxe4 17. Bxe4 Rxe4 18. Rae1 Rxe1 19. Rxe1 Rc8 20. Qe2 a5 21. Ng5 Qf8 22. Qb5 h6 23. Nf3 Qd8 24. Re2 d5 25. Ne5 Nxe5 26. Rxe5 Rc1+ 27. Kh2 Ng4+ 0-1

[Event "CAN-op"]
[Site "Edmonton CAN"]
[Date "2009.07.19"]
[Round "9.37"]
[White "Pedersen, Rick"]
[Black "Moran-Venegas, Mario"]
[Result "1-0"]
[WhiteElo "2089"]
[BlackElo "1738"]
[PlyCount "87"]
[GameId "2160767910156358"]
[EventDate "2009.07.11"]
[EventType "swiss"]
[EventRounds "9"]
[EventCountry "CAN"]

1. d3 Nf6 2. Nf3 d5 3. g3 Bg4 4. Bg2 e6 5. h3 Bf5 6. O-O Nbd7 7. Nbd2 Be7 8. c4 c6 9. b3 O-O 10. Nh4 Bg6 11. Nxg6 fxg6 12. Bb2 Rf7 13. Nf3 h6 14. Qc2 Bd6 15. d4 Nf8 16. Ne5 Bxe5 17. dxe5 N6h7 18. Rad1 Rc8 19. e4 Qc7 20. exd5 cxd5 21. Rc1 dxc4 22. Qxc4 Qxc4 23. Rxc4 Rxc4 24. bxc4 b6 25. Rc1 Nd7 26. Be4 Ng5 27. Bg2 Nf3+ 28. Bxf3 Rxf3 29. Rd1 Rf7 30. h4 Kf8 31. Ba3+ Ke8 32. Rd6 Kd8 33. Rxe6 g5 34. hxg5 hxg5 35. Rd6 Re7 36. e6 Kc7 37. Rxd7+ Rxd7 38. exd7 Kxd7 39. Kf1 g4 40. Ke2 Ke6 41. Ke3 Kf5 42. Kd4 Ke6 43. Ke4 a6 44. Bb2 1-0

[Event "CAN-op"]
[Site "Edmonton CAN"]
[Date "2009.07.19"]
[Round "9.48"]
[White "Farine, Jonathan"]
[Black "Ludwig, David"]
[Result "1-0"]
[WhiteElo "1894"]
[BlackElo "1680"]
[PlyCount "71"]
[GameId "2160767910156359"]
[EventDate "2009.07.11"]
[EventType "swiss"]
[EventRounds "9"]
[EventCountry "CAN"]

1. e4 Nf6 2. Nc3 d5 3. exd5 Nxd5 4. Bc4 e6 5. Bxd5 exd5 6. Qe2+ Be7 7. Qe5 Be6 8. Qxg7 Bf6 9. Qg3 Qe7 10. d3 Nc6 11. Bf4 Nd4 12. O-O-O O-O-O 13. Qe3 Rhe8 14. Kb1 Qb4 15. a3 Qb6 16. Qd2 Be7 17. Ka1 Rg8 18. g3 Bg4 19. Re1 Bf6 20. Be3 c5 21. Bxd4 Bxd4 22. h3 Be6 23. Nf3 Bf6 24. h4 Qa5 25. Ng5 Bxc3 26. Qxc3 Qxc3 27. bxc3 Rd6 28. Nxh7 Rg4 29. Ng5 Ra4 30. Nxe6 fxe6 31. Kb2 Rb6+ 32. Ka2 Rba6 33. Kb2 Rb6+ 34. Kc1 Rxa3 35. h5 Ra2 36. Kd2 1-0

[Event "CAN-op"]
[Site "Edmonton CAN"]
[Date "2009.07.19"]
[Round "9.57"]
[White "Fu, James"]
[Black "Longo, Tyler"]
[Result "0-1"]
[WhiteElo "1740"]
[BlackElo "1992"]
[PlyCount "22"]
[GameId "2160767910156360"]
[EventDate "2009.07.11"]
[EventType "swiss"]
[EventRounds "9"]
[EventCountry "CAN"]

1. e4 d5 2. exd5 Nf6 3. Bc4 Bg4 4. f3 Bf5 5. Nc3 c6 6. dxc6 Nxc6 7. Nge2 Qb6 8. d4 Rd8 9. Be3 e5 10. Ng3 Qxb2 11. Nce2 Bxc2 0-1

[Event "CAN-op"]
[Site "Edmonton CAN"]
[Date "2009.07.19"]
[Round "9.64"]
[White "Zeggelaar, Mike"]
[Black "Sullivan, Brian"]
[Result "1/2-1/2"]
[WhiteElo "1810"]
[BlackElo "1643"]
[PlyCount "61"]
[GameId "2160767910156361"]
[EventDate "2009.07.11"]
[EventType "swiss"]
[EventRounds "9"]
[EventCountry "CAN"]

1. e4 e5 2. Nf3 Nc6 3. Bb5 Nf6 4. O-O d6 5. Re1 Be7 6. d4 Bg4 7. d5 a6 8. Ba4 b5 9. Bb3 Nd4 10. Nbd2 O-O 11. c3 Nxf3+ 12. Nxf3 Nd7 13. h3 Bh5 14. g4 Bg6 15. Bc2 h5 16. a4 hxg4 17. hxg4 Nf6 18. Nh2 Kh7 19. Re3 Kg8 20. axb5 axb5 21. Rxa8 Qxa8 22. Nf1 Nh7 23. Rh3 Qa1 24. Ng3 Ng5 25. Bxg5 Qxd1+ 26. Bxd1 Bxg5 27. Be2 Bc1 28. Bxb5 Bxb2 29. c4 Ra8 30. Nf5 Bxf5 31. gxf5 1/2-1/2

[Event "CAN-op"]
[Site "Edmonton CAN"]
[Date "2009.07.19"]
[Round "9.74"]
[White "Smith, Maurice"]
[Black "Chaisson, Terry"]
[Result "1/2-1/2"]
[WhiteElo "1635"]
[BlackElo "1823"]
[PlyCount "64"]
[GameId "2160767910156362"]
[EventDate "2009.07.11"]
[EventType "swiss"]
[EventRounds "9"]
[EventCountry "CAN"]
[SourceTitle "EXT 2022"]
[Source "ChessBase"]
[SourceDate "2021.10.06"]
[SourceVersion "1"]
[SourceVersionDate "2021.10.06"]
[SourceQuality "1"]

1. e4 c5 2. f4 Nc6 3. Nf3 d5 4. exd5 Qxd5 5. Nc3 Qd8 6. Bc4 e6 7. O-O Nf6 8. d3 a6 9. a3 Bd6 10. Qe1 O-O 11. Ne5 Bxe5 12. fxe5 Qd4+ 13. Qe3 Qxe3+ 14. Bxe3 Nxe5 15. Bxc5 Re8 16. Ba2 Ned7 17. Be3 b5 18. Rae1 Bb7 19. Bd2 Rac8 20. Bb1 Nb6 21. Ne4 Nxe4 22. dxe4 Nc4 23. Bc1 Red8 24. c3 Nd2 25. Bxd2 Rxd2 26. Rf2 Rcd8 27. Ref1 Kf8 28. Rxf7+ Kg8 29. Rxb7 Rxb2 30. h3 g6 31. Rff7 Rxb1+ 32. Kh2 Rbd1 1/2-1/2

[Event "CAN-op"]
[Site "Edmonton CAN"]
[Date "2009.07.19"]
[Round "9.77"]
[White "Lefkowitz, Phil"]
[Black "McCleary, Reuben"]
[Result "1/2-1/2"]
[WhiteElo "1700"]
[BlackElo "1508"]
[PlyCount "47"]
[GameId "2160767910156363"]
[EventDate "2009.07.11"]
[EventType "swiss"]
[EventRounds "9"]
[EventCountry "CAN"]

1. d4 e6 2. c4 d5 3. Nc3 Nf6 4. Bg5 Nbd7 5. Nf3 c6 6. e3 Qa5 7. Nd2 Bb4 8. Qc2 Ne4 9. Ndxe4 dxe4 10. Bf4 O-O 11. a3 Nf6 12. Rc1 Bxc3+ 13. Qxc3 Qd8 14. Be2 b6 15. O-O Ba6 16. h3 Rc8 17. Rfd1 Nd5 18. Qc2 Nxf4 19. exf4 f5 20. f3 exf3 21. Bxf3 Qd6 22. Qd2 Rfd8 23. Qe3 c5 24. d5 1/2-1/2

[Event "CAN-op"]
[Site "Edmonton CAN"]
[Date "2009.07.19"]
[Round "9.79"]
[White "Virji, Naveed"]
[Black "Quiring, John"]
[Result "0-1"]
[WhiteElo "1398"]
[BlackElo "1846"]
[PlyCount "66"]
[GameId "2160767910156364"]
[EventDate "2009.07.11"]
[EventType "swiss"]
[EventRounds "9"]
[EventCountry "CAN"]
[SourceTitle "EXT 2022"]
[Source "ChessBase"]
[SourceDate "2021.10.06"]
[SourceVersion "1"]
[SourceVersionDate "2021.10.06"]
[SourceQuality "1"]

1. e4 e5 2. Nf3 Nc6 3. d4 exd4 4. Nxd4 Qf6 5. Nxc6 Qxc6 6. f3 Bc5 7. Nc3 a6 8. Qd5 Nf6 9. Qxc6 dxc6 10. Bg5 Nd7 11. O-O-O f6 12. Bf4 Ne5 13. Bxe5 fxe5 14. Ne2 Be6 15. b3 Ke7 16. f4 Be3+ 17. Kb1 Bxf4 18. Nxf4 exf4 19. Be2 g5 20. Rdf1 Rad8 21. h4 h6 22. Rd1 Rxd1+ 23. Bxd1 g4 24. Rf1 Rf8 25. g3 f3 26. a4 Kd6 27. Re1 Ke5 28. Rf1 Kd4 29. Kb2 h5 30. c3+ Ke3 31. Kc2 f2 32. Bxg4 hxg4 33. Rxf2 Rxf2+ 0-1

[Event "CYCC U08"]
[Site "Victoria CAN"]
[Date "2009.07.21"]
[Round "1"]
[White "Maulucci, Anthony"]
[Black "Doknjas, Joshua"]
[Result "1-0"]
[WhiteElo "1306"]
[BlackElo "1020"]
[PlyCount "59"]
[GameId "2160767910093582"]
[EventDate "2009.07.21"]
[EventType "swiss"]
[EventRounds "7"]
[EventCountry "CAN"]
[SourceTitle "hb 2009.10"]

1. d4 d5 2. c4 e6 3. Nf3 Nf6 4. Nc3 Nc6 5. Bg5 Bb4 6. e3 Bd7 7. cxd5 exd5 8. Bb5 a6 9. Ba4 b5 10. Bb3 Be6 11. O-O O-O 12. Ne5 Na7 13. f4 h6 14. Bh4 Re8 15. Rf3 Bd6 16. Rg3 c6 17. e4 b4 18. exd5 cxd5 19. Bxd5 Bxe5 20. fxe5 bxc3 21. Bxa8 cxb2 22. Rb1 g5 23. exf6 Qxa8 24. Bxg5 hxg5 25. Rxg5+ Kf8 26. Qh5 Qxg2+ 27. Kxg2 Bd5+ 28. Kg1 Re1+ 29. Rxe1 b1=Q 30. Qh8# 1-0

[Event "CYCC U08"]
[Site "Victoria CAN"]
[Date "2009.07.21"]
[Round "1"]
[White "Su, Michael"]
[Black "McCullough, Ian"]
[Result "0-1"]
[WhiteElo "1106"]
[BlackElo "969"]
[PlyCount "118"]
[GameId "2160767910093583"]
[EventDate "2009.07.21"]
[EventType "swiss"]
[EventRounds "7"]
[EventCountry "CAN"]
[SourceTitle "hb 2009.10"]

1. e4 e6 2. d4 d5 3. exd5 exd5 4. Nc3 Nf6 5. Bf4 Bb4 6. Nf3 Nc6 7. Bb5 O-O 8. O-O Bg4 9. Re1 Re8 10. Rxe8+ Qxe8 11. Bxc7 Rc8 12. Bf4 a6 13. Bxc6 Rxc6 14. Qd3 Bxc3 15. bxc3 Qe4 16. Bd2 h6 17. Qxe4 Nxe4 18. Be1 Nxc3 19. Bxc3 Rxc3 20. Ne5 Bf5 21. h3 Rxc2 22. Rb1 f6 23. Ng4 Rxf2 24. Rxb7 Rxa2 25. Rb8+ Kf7 26. Rb7+ Kg8 27. Rb8+ Kh7 28. Rb7 Bxg4 29. hxg4 Ra1+ 30. Kf2 a5 31. Ke2 a4 32. Kd2 Rg1 33. Ra7 Rxg2+ 34. Kc3 Rxg4 35. Rxa4 h5 36. Ra1 Kg6 37. Rh1 f5 38. Kd3 Kg5 39. Ke3 f4+ 40. Kf3 Rg3+ 41. Ke2 g6 42. Kf2 Kg4 43. Rh2 Rf3+ 44. Kg2 Rd3 45. Kf2 Rd2+ 46. Kg1 Rxh2 47. Kxh2 f3 48. Kg1 Kg3 49. Kf1 f2 50. Ke2 Kg2 51. Ke3 f1=Q 52. Kd2 h4 53. Ke3 h3 54. Kd2 h2 55. Ke3 Qf3+ 56. Kd2 h1=R 57. Kc2 Kg3 58. Kd2 Rh2+ 59. Ke1 Qe2# 0-1

[Event "CYCC U08"]
[Site "Victoria CAN"]
[Date "2009.07.21"]
[Round "1"]
[White "Tsang, Alex"]
[Black "Gugel, Brett"]
[Result "0-1"]
[WhiteElo "804"]
[BlackElo "1308"]
[PlyCount "96"]
[GameId "2160767910093584"]
[EventDate "2009.07.21"]
[EventType "swiss"]
[EventRounds "7"]
[EventCountry "CAN"]
[SourceTitle "hb 2009.10"]

1. e4 e5 2. Nf3 Nc6 3. Bc4 Bc5 4. O-O Nf6 5. Ng5 O-O 6. Nc3 d6 7. Nf3 Bg4 8. h3 Bh5 9. g4 Bg6 10. Nh4 Bxe4 11. g5 d5 12. Bd3 Bxd3 13. cxd3 Nd7 14. Nxd5 Qxg5+ 15. Ng2 Bb6 16. h4 Qd8 17. Nxb6 Nxb6 18. Re1 Qxd3 19. Re3 Qd7 20. Re4 f5 21. Re2 f4 22. Qb3+ Kh8 23. f3 Nd4 24. Qd3 Nxe2+ 25. Qxe2 Qh3 26. Qxe5 Qxf3 27. Qxc7 Qg3 28. d4 Nd5 29. Qe5 Rfe8 30. Bxf4 Nxf4 31. Qxf4 Qxf4 32. Nxf4 Re4 33. Ng2 Rxd4 34. a4 Rb4 35. a5 Rxb2 36. a6 bxa6 37. Rxa6 Rb6 38. Rxb6 axb6 39. Kf1 b5 40. Ke1 b4 41. Kd1 Rc8 42. Ne3 b3 43. Kd2 b2 44. Nd5 b1=Q 45. Ne7 Rd8+ 46. Kc3 Qc1+ 47. Kb4 Rb8+ 48. Ka5 Qa1# 0-1

[Event "CYCC U08"]
[Site "Victoria CAN"]
[Date "2009.07.21"]
[Round "1"]
[White "Zotkin, Daniel"]
[Black "Boushy, Declan Paul"]
[Result "1-0"]
[WhiteElo "1368"]
[BlackElo "804"]
[PlyCount "41"]
[GameId "2160767910093586"]
[EventDate "2009.07.21"]
[EventType "swiss"]
[EventRounds "7"]
[EventCountry "CAN"]
[SourceTitle "EXT 2011"]
[Source "ChessBase"]
[SourceDate "2011.11.26"]
[SourceVersion "1"]
[SourceVersionDate "2011.11.26"]
[SourceQuality "1"]

1. e4 c5 2. Nf3 e6 3. Nc3 Nc6 4. Bc4 Nf6 5. O-O Bd6 6. d4 Na5 7. Bb3 Nxb3 8. axb3 b6 9. Re1 Bb7 10. Nb5 Bxe4 11. Nxd6+ Kf8 12. Nxe4 Nxe4 13. Rxe4 d5 14. Re1 h5 15. Bf4 f6 16. Rxe6 g5 17. Bd2 f5 18. Nxg5 Rb8 19. Qf3 a5 20. Qxf5+ Kg8 21. Qf7# 1-0

[Event "CYCC U08"]
[Site "Victoria CAN"]
[Date "2009.07.21"]
[Round "2"]
[White "Doknjas, Joshua"]
[Black "Tsang, Alex"]
[Result "1-0"]
[WhiteElo "1020"]
[BlackElo "804"]
[PlyCount "97"]
[GameId "2160767910093588"]
[EventDate "2009.07.21"]
[EventType "swiss"]
[EventRounds "7"]
[EventCountry "CAN"]
[SourceTitle "hb 2009.10"]

1. e4 e5 2. Nf3 Nc6 3. d4 Bd6 4. d5 Nb4 5. a3 Na6 6. Bd3 Nf6 7. O-O O-O 8. Nc3 Re8 9. Bd2 Bc5 10. b4 Bd4 11. Re1 Bxc3 12. Bxc3 c6 13. dxc6 dxc6 14. Nxe5 Be6 15. Bxa6 bxa6 16. Nxc6 Qxd1 17. Raxd1 Rec8 18. Ne7+ Kf8 19. Nxc8 Rxc8 20. Bxf6 gxf6 21. Rc1 f5 22. e5 Rc3 23. Re3 Rc4 24. c3 f4 25. Rd3 Bf5 26. Rd4 Rxd4 27. cxd4 Ke7 28. Rc7+ Ke6 29. Rxa7 Bg6 30. Rxa6+ Kd5 31. Rd6+ Kc4 32. Rc6+ Kxd4 33. b5 Kd5 34. a4 Kxe5 35. b6 Be4 36. Rc4 Bd5 37. Rc5 Kd6 38. Rxd5+ Kxd5 39. b7 Ke6 40. b8=Q Kd7 41. a5 Kc6 42. a6 f3 43. a7 fxg2 44. a8=Q+ Kc5 45. Qa6 f6 46. Qbb5+ Kd4 47. Qd6+ Kc3 48. Qbc5+ Kb2 49. Qdb6+ 1-0